LEADER 01118nam0 2200349 450 001 9910628779603321 005 20240912142740.0 010 $a978-88-15-29844-7 100 $a20221201d2022----km y0itay50 ba 101 1 $aita$ceng 102 $aIT 105 $a 001yy 200 1 $a<>prezzo della connessione$ecome i dati colonizzano la nostra vita e se ne appropriano per far soldi$fNick Couldry, Ulises A. Mejias 210 $aBologna$cil Mulino$d2022 215 $a393 p.$d22 cm 225 1 $a<>vie della civiltà 454 0$12001$a<>costs of connection$92968638 610 0 $aDati personali$aDiffusione e Commercio$aEffetti di Internet 676 $a302.231$v22$zita 700 1$aCouldry,$bNick$0476616 701 1$aMejias,$bUlises A.$01266070 801 0$aIT$bUNINA$gREICAT$2UNIMARC 901 $aBK 912 $a9910628779603321 952 $a302.231 COU 1$b9564$fBFS 952 $a21 I 107$bCP 852$fDDCP 952 $a306.09 FORG 01$b2024/10286$fFLFBC 959 $aBFS 959 $aFLFBC 959 $aDDCP 996 $aCosts of connection$92968638 997 $aUNINA